| 000 | 00443nam a2200181Ia 4500 | ||
|---|---|---|---|
| 005 | 20250423094810.0 | ||
| 008 | 250422s9999 xx 000 0 und d | ||
| 020 | _a9783132424517 | ||
| 050 | _aQM 25 .K34/ | ||
| 100 | _aKahle, W. | ||
| 245 | 0 | _aColor atlas of human anatomy | |
| 250 | _a8th ed. | ||
| 260 | _aStutgart | ||
| 260 | _bThieme | ||
| 260 | _c2023 | ||
| 650 | _a Nervous system--Atlases. Sense organs--Atlases. | ||
| 942 | _cBK | ||
| 999 |
_c28325 _d28325 |
||